| 000 | 00408 a2200157 4500 | ||
|---|---|---|---|
| 999 |
_c5946 _d5946 |
||
| 020 | _a8170299993 | ||
| 050 | _aT58.4 LUC 1998 | ||
| 100 |
_aLucey , T _eauthor |
||
| 245 |
_aManagement Information Systems / _cT Lucey |
||
| 250 | _a8th ed | ||
| 264 |
_aNew Delhi: _bBPB Publications, _c1998 |
||
| 300 | _a282p. : | ||
| 500 | _aincludes index | ||
| 650 | _aInformation systems | ||
| 942 |
_2lcc _cBK _h58.4 _iLUC _kT |
||